Test Your Own Aptitude (Record no. 310778)

MARC details
000 -LEADER
fixed length control field 00424nam a2200169Ia 4500
008 - FIXED-LENGTH DATA ELEMENTS--GENERAL INFORMATION
fixed length control field 230718s9999 xx 000 0 und d
041 ## - LANGUAGE CODE
Language code of text/sound track or separate title eng
082 ## - DEWEY DECIMAL CLASSIFICATION NUMBER
Classification number 153.94
Item number BAR
100 ## - MAIN ENTRY--PERSONAL NAME
Personal name Barrett J.
9 (RLIN) 108224
245 ## - TITLE STATEMENT
Title Test Your Own Aptitude
250 ## - EDITION STATEMENT
Edition statement 2nd ed.
260 ## - PUBLICATION, DISTRIBUTION, ETC. (IMPRINT)
Date of publication, distribution, etc. 2002
Name of publisher, distributor, etc. Kogan Page
300 ## - PHYSICAL DESCRIPTION
Extent 213
365 ## - TRADE PRICE
Currency code Rs.
Price amount 175.00
700 ## - ADDED ENTRY--PERSONAL NAME
Personal name Barrett J. & Williams
9 (RLIN) 188761
906 ## - LOCAL DATA ELEMENT F, LDF (RLIN)
d 4603/25.07.2005
c OTH
b 35
Holdings
Withdrawn status Lost status Damaged status Not for loan Home library Current library Date acquired Vendor Budget Code Cost, normal purchase price Bill number Total Checkouts Full call number Barcode Date last seen Discount Cost, replacement price Bill Date Koha item type Original Barcode
        Cummins College of Engineering for Women Pune Cummins College of Engineering for Women Pune 27/07/2005 Varma Book Distributors OTH 140.00 4603/25.07.2005   153.94 CCEP-BK-21985 18/07/2023 35 175.00 23/08/2005 Books 021985